Statistics for People Born On Armistice Day

Click here to take the quiz!

General Stats

  • This quiz has been taken 6 times
  • The average score is 4 of 10

Answer Stats

ClueAnswer% Correct
American actress formerly marries to Bruce WillisDemi Moore
100%
Male star of 1997 Film TitanicLeonardo Di Caprio
100%
US Army general nicknamed 'Blood and guts'George Patton
40%
Actress who played Ally McBealCalista Flockhart
40%
Current Dutch Midfielder playing for LiverpoolGeorginio Wijnaldum
40%
British Paralympian swimmer winner of 10 World Championship GoldsEllie Simmonds
20%
Captained Germany to World Cup win in 2014Philipp Lahm
20%
Winner of US Open golf championship in 1984Fuzzy Zoeller
20%
Won Academy Award for Best Picture for 'On The Waterfront'Sam Spiegel
20%
American actor who won Golden Globe Award for WinchellStanley Tucci
20%

Score Distribution

Percentile by Number Answered

Percent of People with Each Score

Your Score History

You have not taken this quiz